000 00570cam a22002171 4500
001 sa 65001457
003 DLC
005 20260227112109.0
008 890317s1955 io c 000 0 ind
010 _asa 65001457
035 _a(OCoLC)23560676
040 _aDLC
_cMiU
_dDLC
042 _apremarc
043 _aa-io---
050 0 0 _aUA853.I5
_bA64
100 1 _aAidit, D. N.,
_d1923-1965.
245 1 0 _aPertahankan Republik Proklamasi 1945!
260 _aDjakarta,
_bJajasan Pembaruan,
_c1955.
300 _a36 p.
_bport.
_c18 cm.
651 0 _aIndonesia
_xDefenses.
999 _c62062
_d62062